00639nam a2200157Ia 4500008004100000100002100041245011400062245006400176260005300240260000900293300001100302650001500313856006100328999001900389952007300408170221s9999 xx 000 0 und d aPavel P. Baranov aManagement of the Conservative Political Platform of the Transformation Public-power Organization in Eurasia  cPavel P. Baranov, Alexey Y. Mamychev, Alexey I. Ovchinnikov bInternational Review of Management and Marketing c2016 a6 : 6S xMarketing. uhttp://www.econjournals.com/index.php/irmm/issue/view/86 c308348d308348 001040aCLbCLd2017-02-21l0r2017-02-21 00:00:00w2017-02-21yFOJ